Minimálna mzda pre rok 2016

Sadzby minimálnych mzdových nárokov pre rok 2016. Od. 1.1.2016 sa zvyšuje minimálna mzda zo sumy 380 eur na 405 eur za mesiac. Dopady zvýšenia na ďalšie plnenia.

Salvato in:
Dettagli Bibliografici
Autore principale: Matlovičová, Iveta
Natura: Capitolo di libro
Lingua:slovacco
Soggetti:
Tags: Aggiungi Tag
Nessun Tag, puoi essere il primo ad aggiungerne!!

MARC

LEADER 00000naa a2200000 4500
001 0210749
005 20231120135647.6
041 0 |a slo 
044 |a SK 
245 1 0 |a Minimálna mzda pre rok 2016  |c Iveta Matlovičová 
520 |a Sadzby minimálnych mzdových nárokov pre rok 2016. Od. 1.1.2016 sa zvyšuje minimálna mzda zo sumy 380 eur na 405 eur za mesiac. Dopady zvýšenia na ďalšie plnenia. 
610 2 0 |a mzdy minimálne 
610 2 0 |a Slovensko 
100 1 |a Matlovičová, Iveta